[Event "19e tournoi de Noël"]
[Site "Montigny le Bretonneux"]
[Date "2018.12.27"]
[Round "1.1"]
[White "Masson, Guillaume"]
[Black "Fruchard, Cyrille"]
[Result "0-1"]
[WhiteElo "1553"]
[BlackElo "2265"]
[Annotator "Rivier,Sylvain"]
[PlyCount "62"]
[EventDate "2018.??.??"]

{Défense française, variante d'échange} 1. e4 e6 2. d4 d5 3. exd5 exd5 4. Nf3
Bd6 5. Bg5 Ne7 6. Bd3 f6 7. Bh4 O-O 8. Bg3 Bg4 9. Nbd2 Ng6 10. Bxg6 hxg6 11.
Bxd6 Re8+ 12. Kf1 Qxd6 13. h3 Bd7 14. c3 Bb5+ 15. Kg1 Nd7 16. Qc2 Nf8 17. a4
Bd7 18. g3 Re2 19. Re1 Rxe1+ 20. Nxe1 Qa6 21. Nd3 Bf5 22. c4 dxc4 23. Nxc4 Ne6
24. b3 Nxd4 25. Qd1 Qc6 26. Nb4 Qe4 27. Nd2 Qe7 28. Nd5 Qe5 29. Ne3 Rd8 30. Kg2
Be4+ 31. Nxe4 Qxe4+ 0-1

[Event "19e tournoi de Noël"]
[Site "Montigny le Bretonneux"]
[Date "2018.12.27"]
[Round "1.2"]
[White "Divies, Renaud"]
[Black "Klein, Djimmy"]
[Result "1-0"]
[WhiteElo "2021"]
[BlackElo "1524"]
[Annotator "Rivier,Sylvain"]
[PlyCount "83"]
[EventDate "2018.??.??"]

{Gambit dame refusé} 1. Nf3 Nf6 2. c4 e6 3. g3 c5 4. Bg2 Be7 5. O-O d5 6. cxd5
exd5 7. d4 Nc6 8. dxc5 Bxc5 9. Qc2 Bd6 10. Nc3 Ne7 11. Bg5 Nf5 12. Nxd5 Be6 13.
Rfd1 Rc8 14. Qa4+ Bd7 15. Qb3 Bc6 16. Bh3 Bd7 17. e4 h6 18. Bxf6 gxf6 19. Bxf5
Bxf5 20. exf5 Be5 21. Nxf6+ Qxf6 22. Nxe5 Qxf5 23. Qa4+ Kf8 24. Rd5 Kg7 25. Qd4
Qf6 26. Rd6 Rhd8 27. Qg4+ Qg5 28. Rad1 Qxg4 29. Nxg4 Rxd6 30. Rxd6 Rc1+ 31. Kg2
Rc2 32. b3 Rxa2 33. Rd7 b6 34. Ne5 Kf6 35. Nxf7 Ke6 36. Rb7 Ra3 37. Nxh6 Rxb3
38. Rxa7 b5 39. h4 b4 40. Ng4 Ra3 41. Rxa3 bxa3 42. Ne3 1-0

[Event "19e tournoi de Noël"]
[Site "Montigny le Bretonneux"]
[Date "2018.12.27"]
[Round "1.3"]
[White "Wu, Clara"]
[Black "Brouard, Gregoire"]
[Result "0-1"]
[WhiteElo "1517"]
[BlackElo "2019"]
[Annotator "Rivier,Sylvain"]
[PlyCount "112"]
[EventDate "2018.??.??"]

{Ouverture du pion dame, défense est-indienne avec fianchetto} 1. d4 Nf6 2. c4
g6 3. Nf3 Bg7 4. g3 O-O 5. Bg2 c5 6. O-O Qc7 7. Bf4 Qb6 8. Qd2 cxd4 9. Be5 Nc6
10. Bxd4 Nxd4 11. Nxd4 d6 12. Nc3 Bd7 13. e3 Rfc8 14. Qe2 Bg4 15. Qd3 Rab8 16.
h3 Bd7 17. Qe2 Qb4 18. a3 Qxc4 19. Qxc4 Rxc4 20. Rac1 b5 21. Rfd1 a5 22. Bf1
Rc5 23. b4 axb4 24. axb4 Rc7 25. Ndxb5 Rcb7 26. Nd4 Rxb4 27. Bg2 Rc4 28. Nce2
Rbc8 29. Rxc4 Rxc4 30. Rb1 e5 31. Nb5 Bf8 32. Nbc3 Bc6 33. Bxc6 Rxc6 34. Rd1
Nd7 35. Nd5 f5 36. Kg2 Kf7 37. Rb1 Ke6 38. Ndc3 Be7 39. Ra1 d5 40. Rd1 Nf6 41.
f4 Bb4 42. fxe5 Bxc3 43. Nxc3 Kxe5 44. Ne2 Rc2 45. Kf3 Ne4 46. h4 Rxe2 47. Kxe2
Nc3+ 48. Ke1 Nxd1 49. Kxd1 Ke4 50. Ke2 h6 51. Kf2 g5 52. hxg5 hxg5 53. Ke2 g4
54. Kf2 Kd3 55. e4 fxe4 56. Ke1 e3 0-1

[Event "19e tournoi de Noël"]
[Site "Montigny le Bretonneux"]
[Date "2018.12.27"]
[Round "1.4"]
[White "Drouot, Frederic"]
[Black "Gabard, Adrien"]
[Result "1-0"]
[WhiteElo "1987"]
[BlackElo "1494"]
[Annotator "Rivier,Sylvain"]
[PlyCount "57"]
[EventDate "2018.??.??"]

{Défense sicilienne} 1. e4 c5 2. Nf3 d6 3. c3 Nf6 4. Be2 Nc6 5. d4 cxd4 6. cxd4
Bd7 7. Nc3 e6 8. O-O Be7 9. d5 exd5 10. exd5 Nb4 11. a3 Na6 12. Bxa6 bxa6 13.
Re1 O-O 14. Qe2 Re8 15. Qxa6 Qb6 16. Qxb6 axb6 17. Nd4 Ra5 18. b4 Raa8 19. Nc6
Bxc6 20. dxc6 Ng4 21. Bb2 Ne5 22. Nd5 Rac8 23. Bxe5 dxe5 24. Rxe5 Bd6 25. Rxe8+
Rxe8 26. Nxb6 Rb8 27. Rd1 Bc7 28. Nd5 Be5 29. c7 1-0

[Event "19e tournoi de Noël"]
[Site "Montigny le Bretonneux"]
[Date "2018.12.27"]
[Round "1.5"]
[White "Sondermeijer, Damien"]
[Black "Imbert, Christophe"]
[Result "0-1"]
[WhiteElo "1471"]
[BlackElo "1978"]
[Annotator "Rivier,Sylvain"]
[PlyCount "166"]
[EventDate "2018.??.??"]

{Défense sicilienne} 1. e4 c5 2. Nf3 d6 3. d4 cxd4 4. Nxd4 Nf6 5. Nc3 Nc6 6.
Be3 Ng4 7. Nxc6 bxc6 8. Bc1 Qb6 9. Qf3 g6 10. h3 Ne5 11. Qe3 Bg7 12. Qxb6 axb6
13. f4 Nd7 14. Bc4 Ba6 15. Bxa6 Rxa6 16. Bd2 O-O 17. O-O b5 18. a3 Nb6 19. b3
Rfa8 20. Rae1 Rxa3 21. e5 d5 22. Be3 Nd7 23. Bd4 e6 24. Nd1 Bf8 25. Nf2 Ra2 26.
Ra1 Nc5 27. b4 Ne4 28. Nxe4 dxe4 29. Rxa2 Rxa2 30. c3 Bh6 31. g3 Kf8 32. Rf2
Ra4 33. Re2 Ke8 34. Kf2 Bf8 35. Ke3 c5 36. bxc5 Rc4 37. c6 Kd8 38. Bb6+ Kc8 39.
Rd2 Rxc3+ 40. Kxe4 Rxc6 41. Rd8+ Kb7 42. Rxf8 Kxb6 43. Rb8+ Ka5 44. g4 Rc4+ 45.
Ke3 Rc3+ 46. Kd2 Rf3 47. Rh8 Rxf4 48. Rxh7 Kb4 49. Ke3 Rf1 50. Ke2 Rh1 51. Rxf7
Rxh3 52. Rf6 g5 53. Rg6 Kc4 54. Rxg5 Kd5 55. Kd2 Rg3 56. Kc2 Re3 57. Rg8 Rxe5
58. Kd3 Kd6 59. g5 Ke7 60. g6 Kf6 61. Kd4 Rd5+ 62. Ke4 Rg5 63. Rb8 Kxg6 64. Rb6
Kf6 65. Kd4 Rd5+ 66. Ke4 Rh5 67. Kd3 Rd5+ 68. Ke4 Ke7 69. Rb7+ Kd6 70. Rb6+ Kd7
71. Rb8 Rc5 72. Kd4 Rh5 73. Rb6 b4 74. Kc4 Rh1 75. Rxb4 Rh4+ 76. Kc5 Rxb4 77.
Kxb4 Kd6 78. Kc3 Ke5 79. Kd3 Kf4 80. Kd4 e5+ 81. Kd3 Kf3 82. Kd2 e4 83. Kd1 Kf2
0-1

[Event "19e tournoi de Noël"]
[Site "Montigny le Bretonneux"]
[Date "2018.12.27"]
[Round "1.8"]
[White "Benbakir, Chouaib"]
[Black "Fruchard, Alois"]
[Result "1-0"]
[WhiteElo "1828"]
[BlackElo "1411"]
[Annotator "Rivier,Sylvain"]
[PlyCount "101"]
[EventDate "2018.??.??"]

{Défense française, variante Tarrasch fermée} 1. e4 e6 2. d4 d5 3. Nd2 Nf6 4.
e5 Nfd7 5. Bd3 c5 6. c3 Nc6 7. Ngf3 Qb6 8. O-O Be7 9. Re1 O-O 10. Nf1 f6 11.
exf6 Nxf6 12. Ng3 cxd4 13. cxd4 Bb4 14. Re2 Bd7 15. a3 Bd6 16. b4 Rae8 17. Bb2
Ne7 18. Ng5 Bf4 19. Bc1 Bxc1 20. Rxc1 Nc6 21. Nf3 Re7 22. Qd2 Rfe8 23. h4 e5
24. dxe5 Nxe5 25. Nxe5 Rxe5 26. Rxe5 Rxe5 27. Be2 Ne4 28. Nxe4 Rxe4 29. Qxd5+
Qe6 30. Qxe6+ Bxe6 31. Bf3 Rxh4 32. Bxb7 Bc4 33. f3 Rd4 34. Rxc4 Rd1+ 35. Kf2
Ra1 36. Bd5+ Kf8 37. Rc8+ Ke7 38. Rc3 Kd6 39. Bb3 Rxa3 40. Rd3+ Kc7 41. Ke3 Ra1
42. Kd4 Rb1 43. g4 h6 44. Kc5 Re1 45. Bd5 Rc1+ 46. Bc4 Re1 47. Rd4 Re3 48. Rf4
Re7 49. Rf7 Rxf7 50. Bxf7 g5 51. Kb5 1-0

[Event "19e tournoi de Noël"]
[Site "Montigny le Bretonneux"]
[Date "2018.12.27"]
[Round "1.9"]
[White "Chaintreau, Thomas"]
[Black "Le Bris, Gilles"]
[Result "1-0"]
[WhiteElo "1402"]
[BlackElo "1787"]
[Annotator "Rivier,Sylvain"]
[PlyCount "125"]
[EventDate "2018.??.??"]

{Gambit dame refusé} 1. d4 d5 2. c4 e6 3. Nf3 Nf6 4. e3 c5 5. dxc5 Bxc5 6. cxd5
exd5 7. Be2 O-O 8. O-O Nc6 9. a3 a5 10. Qc2 Qe7 11. Rd1 h6 12. Nc3 Be6 13. Bd2
Rac8 14. Rac1 Ba7 15. Qa4 Ra8 16. Bb5 Bd7 17. Be1 Rfd8 18. Nxd5 Nxd5 19. Rxd5
Bxe3 20. Rcd1 Bb6 21. Bc3 Rac8 22. Bxg7 Kxg7 23. Rxd7 Qe6 24. Bxc6 bxc6 25.
R1d6 Qf5 26. Rxd8 Rxd8 27. Rxd8 Bxd8 28. Qd1 Bf6 29. b3 Qc5 30. a4 Qb4 31. g3
c5 32. Qc2 Bc3 33. Nh4 Kf8 34. Nf5 Bd4 35. Qe2 Qb7 36. Qe8+ Kxe8 37. Nd6+ Kd7
38. Nxb7 c4 39. bxc4 Bb6 40. c5 Bc7 41. Kf1 Kc6 42. Nd6 Bxd6 43. cxd6 Kxd6 44.
Ke2 Kc5 45. Kd3 Kb4 46. f4 Kxa4 47. Kc4 Ka3 48. g4 Kb2 49. Kb5 Kc3 50. h4 Kd4
51. g5 h5 52. f5 Ke5 53. f6 Kd6 54. Kxa5 Kd7 55. Kb5 Kd6 56. Kc4 Ke6 57. Kd4
Kd6 58. Ke4 Ke6 59. Kf4 Kd6 60. g6 fxg6 61. Kg5 Kd7 62. Kxg6 Ke8 63. Kg7 1-0

[Event "19e tournoi de Noël"]
[Site "Montigny le Bretonneux"]
[Date "2018.12.27"]
[Round "1.10"]
[White "Artieres, Michel"]
[Black "Chaintreau, Cedric"]
[Result "1-0"]
[WhiteElo "1760"]
[BlackElo "1399"]
[Annotator "Rivier,Sylvain"]
[PlyCount "45"]
[EventDate "2018.??.??"]

{Défense Philidor} 1. e4 e5 2. Nf3 d6 3. d4 exd4 4. Nxd4 Nf6 5. Nc3 c6 6. Bd3
Nbd7 7. O-O Be7 8. Nf5 O-O 9. Bg5 Ne5 10. Nxe7+ Qxe7 11. f4 Bg4 12. Qd2 Nxd3
13. cxd3 Rfe8 14. h3 Bd7 15. Rae1 h6 16. Bh4 Qe6 17. f5 Qe5 18. d4 Qa5 19. Bxf6
gxf6 20. Qxh6 d5 21. e5 Qb4 22. Rf4 Rxe5 23. Rg4# 1-0

[Event "19e tournoi de Noël"]
[Site "Montigny le Bretonneux"]
[Date "2018.12.27"]
[Round "1.11"]
[White "Saint-Leger, Stephane"]
[Black "Claisse, Patrick"]
[Result "1/2-1/2"]
[WhiteElo "1399"]
[BlackElo "1748"]
[Annotator "Rivier,Sylvain"]
[PlyCount "69"]
[EventDate "2018.??.??"]

{Ouverture anglaise} 1. b3 e6 2. Bb2 Nf6 3. Nf3 d5 4. e3 Be7 5. c4 O-O 6. Be2
b6 7. O-O Bb7 8. Ne5 Nbd7 9. f4 Nxe5 10. fxe5 Nd7 11. d4 f6 12. Bg4 f5 13. Be2
Rf7 14. Nc3 c6 15. Rf3 Nf8 16. Bd3 Qe8 17. Ne2 g5 18. Rh3 Rg7 19. Ng3 g4 20.
Rh5 Rg5 21. Rxg5+ Bxg5 22. Qe2 Qg6 23. Bc1 Rc8 24. cxd5 cxd5 25. Bd2 h5 26. Qf1
Rc7 27. Ne2 h4 28. Nf4 Qf7 29. Rc1 Rxc1 30. Qxc1 Qd7 31. Qa3 a5 32. Kf2 Be7 33.
Qc1 Qc6 34. Qxc6 Bxc6 35. a4 1/2-1/2

[Event "19e tournoi de Noël"]
[Site "Montigny le Bretonneux"]
[Date "2018.12.27"]
[Round "1.12"]
[White "Plantet, Marc"]
[Black "Baltzer, Jean-Marc"]
[Result "1-0"]
[WhiteElo "1745"]
[BlackElo "1388"]
[Annotator "Rivier,Sylvain"]
[PlyCount "61"]
[EventDate "2018.??.??"]

{Défense Alekhine, variante de chasse} 1. e4 Nf6 2. e5 Nd5 3. Nc3 Nxc3 4. bxc3
c5 5. Nf3 d5 6. d4 c4 7. Ba3 Na6 8. Rb1 Qa5 9. Bb2 Bf5 10. Nh4 Be4 11. f3 Bg6
12. Nxg6 hxg6 13. Ba1 Rb8 14. Be2 e6 15. O-O Be7 16. f4 Nc7 17. g4 Nb5 18. Rf3
a6 19. Qf1 Qxa2 20. Rb2 Qa5 21. f5 gxf5 22. gxf5 Rf8 23. Rb1 Qd8 24. Qg2 Bg5
25. Rbf1 exf5 26. Rxf5 Bh6 27. e6 f6 28. Rxd5 Qb6 29. Bh5+ Ke7 30. Rd7+ Kxe6
31. Qd5# 1-0

[Event "19e tournoi de Noël"]
[Site "Montigny le Bretonneux"]
[Date "2018.12.27"]
[Round "1.13"]
[White "Chaintreau, Maxime"]
[Black "Appavou, Calixte"]
[Result "0-1"]
[WhiteElo "1318"]
[BlackElo "1714"]
[Annotator "Rivier,Sylvain"]
[PlyCount "46"]
[EventDate "2018.??.??"]

{Gambit dame, défense semi-slave} 1. d4 d5 2. c4 c6 3. Nc3 Nf6 4. Nf3 e6 5. e3
Bd6 6. Bd3 Nbd7 7. a3 a5 8. c5 Bc7 9. Bd2 e5 10. Ne2 e4 11. Bxe4 Nxe4 12. O-O
O-O 13. b4 axb4 14. axb4 Rxa1 15. Qxa1 Ndf6 16. Nc3 Bg4 17. Nxe4 Nxe4 18. Bc1
Bxf3 19. gxf3 Qh4 20. f4 Ng5 21. Kg2 Qh3+ 22. Kh1 Nf3 23. Qa8 Qxh2# 0-1

[Event "19e tournoi de Noël"]
[Site "Montigny le Bretonneux"]
[Date "2018.12.27"]
[Round "1.14"]
[White "Suinot, Laurent"]
[Black "Touiller, Wiktor"]
[Result "1-0"]
[WhiteElo "1712"]
[BlackElo "1299"]
[Annotator "Rivier,Sylvain"]
[PlyCount "113"]
[EventDate "2018.??.??"]

{Début Réti} 1. Nf3 d5 2. c4 dxc4 3. Na3 Be6 4. Qa4+ Qd7 5. Qxd7+ Nxd7 6. e3
Ngf6 7. Nxc4 b5 8. Nce5 Nxe5 9. Nxe5 a6 10. d4 g6 11. Bd2 Bg7 12. Ba5 Rc8 13.
b3 Nd5 14. Rc1 Bxe5 15. dxe5 O-O 16. Rc6 Nb6 17. e4 Rfd8 18. Ke2 Bd7 19. Rc5 f5
20. exf6 exf6 21. Ke3 f5 22. Bd3 fxe4 23. Bxe4 Re8 24. Rhc1 Bf5 25. f3 Bxe4 26.
fxe4 Re6 27. Bxb6 Rxb6 28. Rxc7 Rxc7 29. Rxc7 a5 30. Ra7 a4 31. bxa4 b4 32. e5
b3 33. axb3 Rxb3+ 34. Kf4 h6 35. h4 Rb4+ 36. Kg3 h5 37. e6 Rg4+ 38. Kh3 g5 39.
hxg5 Rxg5 40. e7 Re5 41. a5 Kf7 42. a6 Re3+ 43. g3 Ke8 44. Rb7 Ra3 45. a7 h4
46. Kxh4 Ra4+ 47. g4 Ra5 48. g5 Ra4+ 49. Kh5 Rxa7 50. Rxa7 Kf7 51. Kh6 Ke8 52.
Kh7 Kf7 53. g6+ Ke8 54. g7 Kf7 55. g8=Q+ Kf6 56. e8=Q Kf5 57. Rf7# 1-0

[Event "19e tournoi de Noël"]
[Site "Montigny le Bretonneux"]
[Date "2018.12.27"]
[Round "1.15"]
[White "Darnet, Ninon"]
[Black "Fayolle, Guy"]
[Result "0-1"]
[WhiteElo "1162"]
[BlackElo "1683"]
[Annotator "Rivier,Sylvain"]
[PlyCount "76"]
[EventDate "2018.??.??"]

{Partie italienne} 1. e4 e5 2. Nf3 Nc6 3. Bc4 Nf6 4. Nc3 Bc5 5. a3 a5 6. d3 h6
7. O-O d6 8. h3 O-O 9. Be3 Nd4 10. Bxd4 Bxd4 11. Nxd4 exd4 12. Ne2 c5 13. c3
dxc3 14. Nxc3 Be6 15. Qb3 Qd7 16. Nd5 Nxd5 17. Bxd5 Bxd5 18. Qxd5 Ra6 19. e5
Rb6 20. Rab1 Re8 21. Rfe1 Qf5 22. Qe4 Qxe4 23. Rxe4 Rxe5 24. Ra4 Rb5 25. d4 Re4
26. b4 axb4 27. axb4 Rxd4 28. Ra5 Rb6 29. Ra8+ Kh7 30. b5 Rb4 31. Re1 R6xb5 32.
Re7 Rf4 33. Rf8 Rb1+ 34. Kh2 Rxf2 35. Kg3 Rbb2 36. Rfxf7 Rxg2+ 37. Kh4 Rb4+ 38.
Kh5 Rg5# 0-1

[Event "19e tournoi de Noël"]
[Site "Montigny le Bretonneux"]
[Date "2018.12.27"]
[Round "1.16"]
[White "Rouast, Joseph"]
[Black "Rafalimanana, Hary"]
[Result "1-0"]
[WhiteElo "1648"]
[BlackElo "1162"]
[Annotator "Rivier,Sylvain"]
[PlyCount "71"]
[EventDate "2018.??.??"]

{Défense moderne, système Averbach} 1. d4 g6 2. c4 Bg7 3. Nc3 d6 4. e4 f5 5.
Nf3 fxe4 6. Nxe4 Nf6 7. Bd3 O-O 8. h3 Nbd7 9. O-O b6 10. Neg5 Bb7 11. Ne6 Qe8
12. Nxc7 Qc8 13. Nxa8 Bxa8 14. Ng5 Qb7 15. f3 Nh5 16. Be4 Qb8 17. Bxa8 Qxa8 18.
Ne6 Bh8 19. Nxf8 Kxf8 20. Bh6+ Kf7 21. Qd2 b5 22. b3 bxc4 23. bxc4 a5 24. Rac1
Nf8 25. Bxf8 Kxf8 26. Rfd1 Qa7 27. c5 Ng3 28. Qf4+ Nf5 29. g4 e5 30. dxe5 Bxe5
31. Qg5 Ng3 32. Kg2 Qa6 33. Rc2 Kg7 34. cxd6 Bxd6 35. Rcd2 Bc7 36. Rd7+ 1-0

[Event "19e tournoi de Noël"]
[Site "Montigny le Bretonneux"]
[Date "2018.12.27"]
[Round "1.17"]
[White "Plancade, Philajit"]
[Black "Benbakir, Ameur"]
[Result "0-1"]
[WhiteElo "1154"]
[BlackElo "1619"]
[Annotator "Rivier,Sylvain"]
[PlyCount "112"]
[EventDate "2018.??.??"]

{Défense sicilienne, variante Rossolimo} 1. e4 c5 2. Nf3 d6 3. Be2 Nc6 4. O-O
Nf6 5. Nc3 g6 6. d3 Bg7 7. Bd2 O-O 8. Qc1 Be6 9. Bh6 a6 10. Bxg7 Kxg7 11. Qd2
b5 12. d4 cxd4 13. Nxd4 Nxd4 14. Qxd4 Qc7 15. Rad1 Qc5 16. Qxc5 dxc5 17. Nd5
Nxe4 18. Bf3 Ng5 19. Nc7 Nxf3+ 20. gxf3 Bh3 21. Rfe1 Ra7 22. Rxe7 Rc8 23. Nd5
Rxe7 24. Nxe7 Re8 25. Nd5 Re2 26. Rc1 Re5 27. Nc7 Rg5+ 28. Kh1 Bg2+ 29. Kg1
Bxf3+ 30. Kf1 Rh5 31. Ke1 Rxh2 32. Kd2 Bb7 33. Ke3 Rh3+ 34. Ke2 h5 35. Ne8+ Kh6
36. Rg1 Bf3+ 37. Kd2 g5 38. Nd6 f6 39. Nf7+ Kg6 40. Nd6 g4 41. c4 Rh1 42. Rxh1
Bxh1 43. cxb5 axb5 44. Nxb5 h4 45. Nc3 h3 46. Ne2 f5 47. Ng3 Bg2 48. Ke3 Kg5
49. f4+ gxf3 50. Kf2 h2 51. a4 Kg4 52. a5 f4 53. Nh1 Bxh1 54. a6 Bg2 55. a7
h1=Q 56. a8=Q Qf1# 0-1

[Event "19e tournoi de Noël"]
[Site "Montigny le Bretonneux"]
[Date "2018.12.27"]
[Round "1.18"]
[White "Vadillo, Torre Ismael"]
[Black "Meunier, Mathieu"]
[Result "1-0"]
[WhiteElo "1616"]
[BlackElo "1150"]
[Annotator "Rivier,Sylvain"]
[PlyCount "59"]
[EventDate "2018.??.??"]

{Gambit dame} 1. d4 d5 2. c4 c6 3. Nc3 e6 4. Nf3 Nf6 5. Bf4 Be7 6. e3 O-O 7. h3
Bd7 8. Be2 Na6 9. a3 Rc8 10. O-O b6 11. cxd5 exd5 12. Bxa6 Ne4 13. Bxc8 Bxc8
14. Ne5 Bh4 15. Nxe4 dxe4 16. Nxc6 Qd7 17. Ne5 Qf5 18. Rc1 Be6 19. Rc7 a6 20.
Qc2 Bg5 21. g4 Qf6 22. Qxe4 Bxf4 23. exf4 Qh4 24. Qf3 f6 25. Nd7 Rd8 26. Nxb6
a5 27. d5 Bf7 28. d6 Be6 29. Re1 Bf7 30. d7 1-0

[Event "19e tournoi de Noël"]
[Site "Montigny le Bretonneux"]
[Date "2018.12.27"]
[Round "1.19"]
[White "Boucher, Francis"]
[Black "Couradin, Bruno"]
[Result "0-1"]
[WhiteElo "1148"]
[BlackElo "1610"]
[Annotator "Rivier, Sylvain"]
[PlyCount "122"]
[EventDate "2018.??.??"]

{Gambit dame} 1. d4 e6 2. Nf3 Nf6 3. c4 d5 4. Nc3 Nc6 5. Bg5 Be7 6. h3 O-O 7.
a3 Nh5 8. Bd2 h6 9. e3 Nf6 10. Qc2 Bd7 11. Bd3 Re8 12. c5 Rb8 13. b4 b6 14. b5
Na5 15. c6 Nxc6 16. bxc6 Bxc6 17. Ne5 Bb7 18. Nb5 a6 19. Nc3 Rc8 20. Ng4 c5 21.
Nxf6+ Bxf6 22. dxc5 Rxc5 23. Qb3 Qc7 24. Rc1 Rc8 25. O-O Bxc3 26. Bxc3 Rxc3 27.
Rxc3 Qxc3 28. Qxb6 Qc6 29. Qa5 Qc5 30. Qa4 e5 31. Bxa6 Ra8 32. Qb5 Qxb5 33.
Bxb5 Rxa3 34. Bd7 d4 35. exd4 exd4 36. Rd1 d3 37. Bb5 Be4 38. f3 Bg6 39. g4 Kf8
40. f4 Be4 41. Kf2 d2 42. Rxd2 Rxh3 43. Re2 Rh2+ 44. Ke1 Rxe2+ 45. Kxe2 Ke7 46.
Ke3 Bb1 47. Kf3 f5 48. Bf1 fxg4+ 49. Kxg4 Ke6 50. Kh5 Kf5 51. Bh3+ Kxf4 52. Kh4
Be4 53. Be6 g6 54. Bd7 Bf5 55. Be8 Be4 56. Bf7 g5+ 57. Kh5 g4 58. Bc4 g3 59.
Bf1 Kf3 60. Kxh6 Kf2 61. Bh3 Bf5 0-1

[Event "19e tournoi de Noël"]
[Site "Montigny le Bretonneux"]
[Date "2018.12.27"]
[Round "1.20"]
[White "Privat, Jean-Claude"]
[Black "Touiller, Thibault"]
[Result "1-0"]
[WhiteElo "1602"]
[BlackElo "1087"]
[Annotator "Rivier,Sylvain"]
[PlyCount "97"]
[EventDate "2018.??.??"]

{Défense bogo-indienne} 1. d4 Nf6 2. c4 e6 3. Nf3 Bb4+ 4. Bd2 Qe7 5. a3 Bxd2+
6. Nbxd2 O-O 7. e3 d5 8. Bd3 Nbd7 9. O-O b6 10. Qc2 Bb7 11. cxd5 exd5 12. Qxc7
Rab8 13. Rac1 Rfc8 14. Qg3 Ne4 15. Qh3 Ndf6 16. Rfd1 Qe8 17. Nf1 Rxc1 18. Rxc1
Bc8 19. Qh4 Ng4 20. Bxe4 dxe4 21. Ne5 Nxe5 22. dxe5 Bb7 23. Qf4 Rc8 24. Rd1 Qe7
25. Ng3 Rc2 26. Nxe4 Rxb2 27. Nd6 Bc6 28. Qd4 Ba4 29. Rc1 Rc2 30. Rxc2 Bxc2 31.
Qc3 Bg6 32. Qc8+ Qf8 33. Qxf8+ Kxf8 34. Nc8 a6 35. Nxb6 Ke7 36. Kf1 Ke6 37. f4
Kf5 38. Kf2 h5 39. Nd7 h4 40. Nc5 a5 41. Nb7 a4 42. Nc5 Kg4 43. Nxa4 h3 44. g3
Be4 45. Nc5 Bc6 46. a4 Bxa4 47. Nxa4 g5 48. Nc5 gxf4 49. exf4 1-0

[Event "19e tournoi de Noël"]
[Site "Montigny le Bretonneux"]
[Date "2018.12.27"]
[Round "1.22"]
[White "Couradin, Jean-Marie"]
[Black "Ben Hamouda, Catherine"]
[Result "1-0"]
[WhiteElo "1563"]
[BlackElo "1010"]
[Annotator "Rivier,Sylvain"]
[PlyCount "51"]
[EventDate "2018.??.??"]

{Gambit de Budapest, variante principale} 1. d4 Nf6 2. c4 e5 3. dxe5 Ng4 4. Nf3
Bc5 5. e3 Nc6 6. Be2 Ngxe5 7. Nc3 O-O 8. O-O d6 9. a3 Be6 10. b3 a6 11. Bb2 Qf6
12. Qc2 Rad8 13. Ne4 Nxf3+ 14. Bxf3 Qh6 15. Ng3 g6 16. Bf6 Rde8 17. Qc3 Bd7 18.
Bd5 Ne5 19. Ne4 Bh3 20. Bg5 Qh5 21. Nf6+ Kg7 22. Nxh5+ gxh5 23. gxh3 Kg6 24.
Bf4 f6 25. Qc2+ f5 26. Kh1 1-0

[Event "19e tournoi de Noël"]
[Site "Montigny le Bretonneux"]
[Date "2018.12.27"]
[Round "2.1"]
[White "Fruchard, Cyrille"]
[Black "Suinot, Laurent"]
[Result "1-0"]
[WhiteElo "2265"]
[BlackElo "1712"]
[Annotator "Rivier,Sylvain"]
[PlyCount "65"]
[EventDate "2018.??.??"]

{Gambit dame} 1. d4 Nf6 2. c4 e6 3. Nc3 d5 4. cxd5 exd5 5. Bg5 Be7 6. e3 c6 7.
Bd3 Be6 8. Nge2 Ng4 9. Bf4 Bd6 10. O-O O-O 11. e4 dxe4 12. Nxe4 Bxf4 13. Nxf4
Bc8 14. Bc2 Na6 15. d5 cxd5 16. Nxd5 Nc7 17. Ndc3 Qxd1 18. Raxd1 Be6 19. h3 Nh6
20. Nd6 b6 21. f4 f5 22. Rfe1 g6 23. Rxe6 Nxe6 24. Bb3 Rfe8 25. Nxe8 Rxe8 26.
Rd6 Kf7 27. Nb5 Re7 28. Rxe6 Rxe6 29. Nd4 Kf6 30. Bxe6 Nf7 31. Bxf7 Kxf7 32.
Kf2 Ke7 33. Nc6+ 1-0

[Event "19e tournoi de NoÃ«l"]
[Site "Montigny le Bretonneux"]
[Date "2018.12.27"]
[Round "2.2"]
[White "Appavou, Calixte"]
[Black "Divies, Renaud"]
[Result "0-1"]
[WhiteElo "1714"]
[BlackElo "2021"]
[Annotator "Rivier,Sylvain"]
[PlyCount "122"]
[EventDate "2018.??.??"]

{DÃ©fense sicilienne} 1. e4 c5 2. Nf3 e6 3. Nc3 a6 4. a4 Nc6 5. d4 cxd4 6. Nxd4
Bb4 7. Nxc6 bxc6 8. Bd2 Nf6 9. Bd3 d5 10. exd5 cxd5 11. O-O O-O 12. f4 Bb7 13.
Ne2 Bc5+ 14. Kh1 Ng4 15. Qe1 f5 16. h3 Rf6 17. b4 Bb6 18. Ng1 Rh6 19. Be2 Nf6
20. Bf3 Ne4 21. Bxe4 dxe4 22. Be3 Rc8 23. Rc1 Bd5 24. Qf2 Bxe3 25. Qxe3 Qd7 26.
a5 Qb7 27. c3 Rf6 28. Ne2 Rf7 29. Rfd1 Rfc7 30. Nd4 Bc4 31. Rd2 g6 32. Rb2 Qd5
33. Rd2 Bd3 34. Ne2 Qc4 35. Nd4 Kf7 36. Rb2 Qd5 37. Ne2 Rc4 38. Qa7+ Kg8 39.
Qe3 e5 40. fxe5 Qxe5 41. Qb6 R4c6 42. Qd4 Qxd4 43. Nxd4 Rxc3 44. Rxc3 Rxc3 45.
b5 axb5 46. a6 Ra3 47. Nxb5 Bxb5 48. Rxb5 Rxa6 49. Re5 Kf7 50. Kg1 Re6 51. Ra5
Kf6 52. Kf2 g5 53. g3 Rb6 54. g4 f4 55. Rf5+ Kg6 56. h4 h6 57. hxg5 hxg5 58.
Re5 Rb2+ 59. Kf1 e3 60. Rf5 Rh2 61. Rf8 Rh4 0-1

[Event "19e tournoi de NoÃ«l"]
[Site "Montigny le Bretonneux"]
[Date "2018.12.27"]
[Round "2.3"]
[White "Brouard, Gregoire"]
[Black "Rouast, Joseph"]
[Result "1-0"]
[WhiteElo "2019"]
[BlackElo "1648"]
[Annotator "Rivier,Sylvain"]
[PlyCount "61"]
[EventDate "2018.??.??"]

{DÃ©fense nimzo-indienne, systÃ¨me Rubinstein} 1. d4 Nf6 2. c4 e6 3. Nc3 Bb4 4.
e3 O-O 5. Bd3 c5 6. Nf3 d5 7. cxd5 exd5 8. O-O Bg4 9. a3 Bxc3 10. bxc3 cxd4 11.
exd4 Qc7 12. Qc2 Nbd7 13. Nh4 Rac8 14. Bd2 Rfe8 15. f3 Be6 16. Rae1 Nb6 17. g4
h6 18. Qc1 h5 19. g5 Nfd7 20. Bf5 Nf8 21. Bxe6 Rxe6 22. Rxe6 Nxe6 23. f4 Na4
24. f5 Nd8 25. Qd1 Nxc3 26. Qxh5 Ne4 27. Ng6 fxg6 28. fxg6 Nf6 29. gxf6 gxf6
30. Qxd5+ Kg7 31. Qh5 1-0

[Event "19e tournoi de NoÃ«l"]
[Site "Montigny le Bretonneux"]
[Date "2018.12.27"]
[Round "2.4"]
[White "Fayolle, Guy"]
[Black "Drouot, Frederic"]
[Result "0-1"]
[WhiteElo "1683"]
[BlackElo "1987"]
[Annotator "Rivier,Sylvain"]
[PlyCount "40"]
[EventDate "2018.??.??"]

{DÃ©fense Pirc} 1. e4 d6 2. d4 Nf6 3. Nc3 g6 4. Be3 Bg7 5. f3 Nbd7 6. Qd2 c6 7.
O-O-O b5 8. d5 b4 9. dxc6 bxc3 10. cxd7+ Nxd7 11. Qd5 Rb8 12. b3 Bb7 13. Qd3
Qa5 14. Kb1 O-O 15. Qb5 Qc7 16. Qc4 Nc5 17. Bd4 Bxd4 18. Qxd4 Ne6 19. Qc4 Qa5
20. b4 Ba6 0-1

[Event "19e tournoi de NoÃ«l"]
[Site "Montigny le Bretonneux"]
[Date "2018.12.27"]
[Round "2.5"]
[White "Imbert, Christophe"]
[Black "Vadillo, Torre Ismael"]
[Result "1-0"]
[WhiteElo "1978"]
[BlackElo "1616"]
[Annotator "Rivier,Sylvain"]
[PlyCount "59"]
[EventDate "2018.??.??"]

{Partie espagnole, dÃ©fense fermÃ©e} 1. e4 e5 2. Nf3 Nc6 3. Bb5 a6 4. Ba4 Nf6
5. O-O d6 6. c3 b5 7. Bb3 Be7 8. Re1 O-O 9. h3 Na5 10. Bc2 c6 11. d4 Qc7 12.
Nbd2 h6 13. Nf1 Be6 14. b3 Nb7 15. Ne3 exd4 16. Nxd4 Nc5 17. Nef5 Bd8 18. Bf4
Nb7 19. a4 bxa4 20. Rxa4 Bd7 21. Rc4 c5 22. Qf3 Qb6 23. Bxh6 cxd4 24. Bxg7 Re8
25. Bh6 Bxf5 26. Qxf5 Re5 27. Qf3 Nh5 28. cxd4 d5 29. dxe5 Qxh6 30. exd5 1-0